[Event "Ct. Catalunya Veterans"]
[Site "Barcelona"]
[Date "2014.05.23"]
[Round "7"]
[White "Clotet Torrelles, R."]
[Black "Tolda Andreu, E."]
[Result "1/2-1/2"]
[WhiteElo "2105"]
[BlackElo "2069"]
[PlyCount "65"]
[EventDate "2014.05.17"]
[EventType "swiss"]
[EventRounds "9"]
[EventCountry "ESP"]
[Source "Chessbase"]
[SourceDate "2014.06.06"]

1. d4 Nf6 2. Nf3 c5 3. d5 e6 4. c4 exd5 5. cxd5 d6 6. Nc3 Be7 7. e4 Nbd7 8. h3
O-O 9. Bd3 a6 10. a4 b6 11. O-O Bb7 12. Ne2 Re8 13. Ng3 Bf8 14. b3 g6 15. Bb2
Bg7 16. Qd2 Rc8 17. Rfe1 Qc7 18. Rac1 Qb8 19. Re2 Qa7 20. Qf4 Qb8 21. Rce1 Ne5
22. Nxe5 dxe5 23. Qd2 Qd6 24. Rf1 Rcd8 25. Bc1 Nxd5 26. exd5 Qxd5 27. Be4 Qxd2
28. Rxd2 Rxd2 29. Bxd2 Bxe4 30. Nxe4 Rd8 31. Bc1 Rd3 32. Nd2 Bh6 33. Rd1
1/2-1/2

[Event "Ct. Catalunya Veterans"]
[Site "Barcelona"]
[Date "2014.05.23"]
[Round "7"]
[White "Duran Vallverdu, J."]
[Black "Anguera Maestro, J."]
[Result "1/2-1/2"]
[WhiteElo "2117"]
[BlackElo "2263"]
[PlyCount "75"]
[EventDate "2014.05.17"]
[EventType "swiss"]
[EventRounds "9"]
[EventCountry "ESP"]
[Source "Chessbase"]
[SourceDate "2014.06.06"]

1. e4 e5 2. Nf3 Nc6 3. Bb5 a6 4. Ba4 d6 5. O-O Bd7 6. c3 g6 7. d4 Bg7 8. dxe5
dxe5 9. Qe2 Nge7 10. Nbd2 O-O 11. Re1 h6 12. Nf1 Kh7 13. h3 Be6 14. Bb3 Bxb3
15. axb3 f5 16. exf5 gxf5 17. Ng3 Qe8 18. Nh4 Qf7 19. Qc4 Rad8 20. Qxf7 Rxf7
21. Nh5 Ng6 22. Nxg6 Kxg6 23. Nxg7 Rxg7 24. g3 f4 25. gxf4 Kf5+ 26. Kf1 exf4
27. Ra4 Re7 28. Rxf4+ Kg6 29. Rg4+ Kh7 30. Rh4 Rxe1+ 31. Kxe1 Re8+ 32. Be3 Re6
33. Ke2 Ne7 34. Kd3 Nf5 35. Rc4 c6 36. Rf4 Kg6 37. Rg4+ Kh7 38. Rf4 1/2-1/2

[Event "Ct. Catalunya Veterans"]
[Site "Barcelona"]
[Date "2014.05.23"]
[Round "7"]
[White "Franquet Escriva, J."]
[Black "Colom Andres, FX."]
[Result "1/2-1/2"]
[WhiteElo "2193"]
[BlackElo "2052"]
[PlyCount "39"]
[EventDate "2014.05.17"]
[EventType "swiss"]
[EventRounds "9"]
[EventCountry "ESP"]
[Source "Chessbase"]
[SourceDate "2014.06.06"]

1. e4 c5 2. Nf3 g6 3. d4 cxd4 4. Nxd4 Nc6 5. Nc3 Bg7 6. Be3 Nf6 7. Be2 O-O 8.
O-O d5 9. exd5 Nxd5 10. Nxd5 Qxd5 11. Bf3 Qc4 12. Nxc6 bxc6 13. c3 Bf5 14. Qb3
Qa6 15. Bc5 Rfe8 16. Rfe1 Bf6 17. Be2 Bd3 18. Bxd3 Qxd3 19. Rad1 Qf5 20. Be3
1/2-1/2

[Event "Ct. Catalunya Veterans"]
[Site "Barcelona"]
[Date "2014.05.23"]
[Round "7"]
[White "Mas Recorda, P."]
[Black "Tarrus Galter, N."]
[Result "1/2-1/2"]
[WhiteElo "2201"]
[BlackElo "2085"]
[PlyCount "68"]
[EventDate "2014.05.17"]
[EventType "swiss"]
[EventRounds "9"]
[EventCountry "ESP"]
[Source "Chessbase"]
[SourceDate "2014.06.06"]

1. d4 Nf6 2. c4 c5 3. d5 e6 4. Nc3 exd5 5. cxd5 Bd6 6. e4 O-O 7. Bd3 Re8 8. f3
Be5 9. Nge2 d6 10. O-O a6 11. a4 Nbd7 12. Be3 Bxc3 13. Nxc3 Ne5 14. b3 b6 15.
Be2 h6 16. Qd2 Rb8 17. h3 Ng6 18. Kh2 Qe7 19. Bd3 Bb7 20. Rae1 Bc8 21. f4 Bd7
22. Qf2 b5 23. axb5 axb5 24. e5 Nxe5 25. Be2 Ng6 26. Bf3 Qd8 27. g4 b4 28. Nb1
Ne4 29. Qc2 Nf6 30. g5 Nh7 31. Be4 Rxe4 32. Qxe4 hxg5 33. fxg5 Nxg5 34. Bxg5
Qxg5 1/2-1/2

[Event "Ct. Catalunya Veterans"]
[Site "Barcelona"]
[Date "2014.05.23"]
[Round "7"]
[White "Simon Padros, E."]
[Black "Coll Enriquez, L."]
[Result "1/2-1/2"]
[WhiteElo "2307"]
[BlackElo "2288"]
[PlyCount "85"]
[EventDate "2014.05.17"]
[EventType "swiss"]
[EventRounds "9"]
[EventCountry "ESP"]
[Source "Chessbase"]
[SourceDate "2014.06.06"]

1. e4 e5 2. Nf3 d6 3. d4 Nd7 4. Nc3 c6 5. Be2 g6 6. Be3 Bg7 7. Qd2 Qe7 8. O-O
Ngf6 9. dxe5 dxe5 10. Rad1 O-O 11. Qd6 Qxd6 12. Rxd6 Ng4 13. Bc1 Re8 14. Rfd1
Nc5 15. Rd8 Be6 16. Rxa8 Rxa8 17. b4 Nd7 18. Ng5 Ngf6 19. Nxe6 fxe6 20. g4 Nf8
21. f3 Kf7 22. Be3 b6 23. Ba6 Rb8 24. a4 Ne8 25. Be2 h6 26. a5 g5 27. Na4 Bf6
28. axb6 axb6 29. Nxb6 Be7 30. c3 Nd6 31. c4 Ng6 32. Kf2 Nf4 33. Bf1 Ke8 34.
Ra1 Nc8 35. Nxc8 Rxc8 36. Rb1 Ra8 37. Rb2 Kd7 38. b5 c5 39. Bxf4 exf4 40. e5
Bd8 41. Rd2+ Ke7 42. Bd3 Ra4 43. Rc2 1/2-1/2

[Event "Ct. Catalunya Veterans"]
[Site "Barcelona"]
[Date "2014.05.24"]
[Round "8"]
[White "Anguera Maestro, J."]
[Black "Simon Padros, E."]
[Result "0-1"]
[WhiteElo "2263"]
[BlackElo "2307"]
[PlyCount "92"]
[EventDate "2014.05.17"]
[EventType "swiss"]
[EventRounds "9"]
[EventCountry "ESP"]
[Source "Chessbase"]
[SourceDate "2014.06.06"]

1. d4 Nf6 2. Nf3 g6 3. c4 Bg7 4. Nc3 O-O 5. e4 d6 6. Bg5 h6 7. Be3 Ng4 8. Bd2
c5 9. d5 e5 10. h3 Nf6 11. g4 Ne8 12. Bd3 Na6 13. Rg1 Nac7 14. a3 Kh8 15. Qc2
a6 16. b4 Bd7 17. Na4 Bxa4 18. Qxa4 f5 19. gxf5 gxf5 20. Qc2 b5 21. Rc1 bxc4
22. Qxc4 Nb5 23. exf5 Nd4 24. Nxd4 cxd4 25. Be4 Qh4 26. Rg4 Qxh3 27. Rg3 Qh4
28. Qe2 Nf6 29. Rc7 Rg8 30. Bg2 Ne8 31. Rh3 Qf6 32. Rd7 Qxf5 33. Bxh6 Qxd7 34.
Bg5+ Bh6 35. Rxh6+ Kg7 36. Qe4 Kf8 37. Bh3 Qg7 38. Qf5+ Qf7 39. Rh7 Ng7 40. Qe4
Qc7 41. Be6 Qc3+ 42. Bd2 Qxa3 43. Qg6 Qa1+ 44. Ke2 d3+ 45. Kxd3 e4+ 46. Ke2 Ra7
0-1

[Event "Ct. Catalunya Veterans"]
[Site "Barcelona"]
[Date "2014.05.24"]
[Round "8"]
[White "Coll Enriquez, L."]
[Black "Buxade Roca, G."]
[Result "1/2-1/2"]
[WhiteElo "2288"]
[BlackElo "2231"]
[PlyCount "49"]
[EventDate "2014.05.17"]
[EventType "swiss"]
[EventRounds "9"]
[EventCountry "ESP"]
[Source "Chessbase"]
[SourceDate "2014.06.06"]

1. e4 c5 2. Nc3 Nc6 3. g3 g6 4. Bg2 Bg7 5. d3 Rb8 6. Be3 b5 7. Qd2 b4 8. Nd1 d6
9. f4 e6 10. Ne2 Nge7 11. O-O O-O 12. g4 f5 13. gxf5 exf5 14. Ng3 Bd7 15. exf5
Nxf5 16. Nxf5 Rxf5 17. c3 Kh8 18. Bf2 bxc3 19. bxc3 Qa5 20. Rc1 Rff8 21. Bg3
Nd4 22. Ne3 Nf5 23. Nc4 Qc7 24. Rfe1 Bc6 25. Ne3 1/2-1/2

[Event "Ct. Catalunya Veterans"]
[Site "Barcelona"]
[Date "2014.05.24"]
[Round "8"]
[White "Colom Andres, FX."]
[Black "Bollero Romera, A."]
[Result "0-1"]
[WhiteElo "2052"]
[BlackElo "2127"]
[PlyCount "124"]
[EventDate "2014.05.17"]
[EventType "swiss"]
[EventRounds "9"]
[EventCountry "ESP"]
[Source "Chessbase"]
[SourceDate "2014.06.06"]

1. Nf3 Nf6 2. c4 e6 3. g3 c6 4. Bg2 d5 5. b3 Be7 6. O-O O-O 7. Ba3 Bxa3 8. Nxa3
Qd6 9. Nc2 e5 10. d4 e4 11. Nd2 Re8 12. Rc1 Nbd7 13. cxd5 cxd5 14. Ne3 Nf8 15.
Qc2 Ne6 16. Qb2 Qb6 17. Nc2 Bd7 18. e3 Rac8 19. b4 Ng5 20. h4 Ne6 21. Nb3 Bb5
22. Rfe1 Qd6 23. Na3 Qxb4 24. Nxb5 Qxb5 25. Bf1 Qb4 26. a3 Qb6 27. Rc2 Rc7 28.
Rxc7 Qxc7 29. Rc1 Qb6 30. Qc3 h6 31. Nc5 Rc8 32. Bh3 Rc6 33. Qb4 Qxb4 34. axb4
b6 35. Nb3 Rxc1+ 36. Nxc1 Nc7 37. Nb3 Na6 38. b5 Nc7 39. Bf1 Nfe8 40. f3 Nd6
41. fxe4 Nxe4 42. Kg2 Nd6 43. Kf3 Kf8 44. g4 Ke7 45. Bd3 Ncxb5 46. Ke2 g6 47.
Nd2 Nc3+ 48. Ke1 a5 49. Nf3 a4 50. Kd2 Nde4+ 51. Kc2 b5 52. Ne5 a3 53. Nc6+ Kd6
54. Ne5 Ke6 55. Nc6 h5 56. gxh5 gxh5 57. Ne5 a2 58. Kb2 b4 59. Nc6 b3 60. Na5
Nd2 61. Ka1 Nd1 62. Bh7 Nxe3 0-1

[Event "Ct. Catalunya Veterans"]
[Site "Barcelona"]
[Date "2014.05.24"]
[Round "8"]
[White "Fernandez Perez, J."]
[Black "Bautista Sanchez, J."]
[Result "0-1"]
[WhiteElo "2155"]
[BlackElo "2292"]
[PlyCount "124"]
[EventDate "2014.05.17"]
[EventType "swiss"]
[EventRounds "9"]
[EventCountry "ESP"]
[Source "Chessbase"]
[SourceDate "2014.06.06"]

1. e4 c6 2. d4 d5 3. Nc3 dxe4 4. Nxe4 Nd7 5. Bc4 Ngf6 6. Ng5 e6 7. Qe2 Nb6 8.
Bb3 h6 9. N5f3 a5 10. c3 a4 11. Bc2 Qc7 12. Ne5 Bd6 13. Ngf3 Nbd7 14. O-O O-O
15. Nc4 Be7 16. Nce5 c5 17. Nxd7 Bxd7 18. c4 cxd4 19. Nxd4 Rfc8 20. Bd3 Bc5 21.
Be3 e5 22. Nb5 Bxb5 23. Bxc5 Qxc5 24. cxb5 e4 25. Bb1 Ra5 26. Bxe4 Re8 27. Qd2
Rxb5 28. Bf3 Qb6 29. Rab1 Qe6 30. Qd3 Qb6 31. Qa3 Rb4 32. Qc3 Ne4 33. Bxe4
Rbxe4 34. g3 Qe6 35. b3 Qh3 36. Qf3 a3 37. b4 b5 38. Qb3 R4e5 39. Qf3 Re2 40.
Qxa3 R8e5 41. Qa8+ Kh7 42. a4 bxa4 43. b5 a3 44. Qg2 Qxg2+ 45. Kxg2 a2 46. Ra1
Rxb5 47. Kf3 Rbb2 48. h3 f5 49. g4 Kg6 50. gxf5+ Kxf5 51. Kg3 g5 52. Kf3 h5 53.
Kg3 Rec2 54. Kf3 Rc3+ 55. Kg2 Kf4 56. Rfe1 Rcc2 57. Rf1 g4 58. hxg4 hxg4 59.
Rad1 g3 60. Rd4+ Ke5 61. Ra4 Rxf2+ 62. Rxf2 gxf2 0-1

[Event "Ct. Catalunya Veterans"]
[Site "Barcelona"]
[Date "2014.05.24"]
[Round "8"]
[White "Nicolau Serrato, M."]
[Black "Bonell Mitjans, A."]
[Result "0-1"]
[WhiteElo "2064"]
[BlackElo "2216"]
[PlyCount "92"]
[EventDate "2014.05.17"]
[EventType "swiss"]
[EventRounds "9"]
[EventCountry "ESP"]
[Source "Chessbase"]
[SourceDate "2014.06.06"]

1. e4 e6 2. d4 d5 3. Nc3 dxe4 4. Nxe4 Nd7 5. Nf3 Ngf6 6. Nxf6+ Nxf6 7. Bg5 Be7
8. Bd3 b6 9. O-O Bb7 10. Bb5+ c6 11. Bd3 O-O 12. c3 Qd6 13. Qc2 h6 14. Bh4 c5
15. Bg3 Qd5 16. Rad1 cxd4 17. b3 Rac8 18. c4 Qc6 19. Qe2 Rfd8 20. Be5 Ng4 21.
Bg3 Bd6 22. Rfe1 Bxg3 23. hxg3 Nf6 24. Qe5 Qc5 25. Qf4 Bxf3 26. Qxf3 Qc6 27.
Qf4 Qd6 28. Qh4 Rc5 29. g4 Qf4 30. f3 Rh5 31. Qf2 Nxg4 32. fxg4 Rh1+ 33. Kxh1
Qxf2 34. Re2 Qh4+ 35. Kg1 Qxg4 36. Rde1 Qg3 37. Rd1 g5 38. Be4 d3 39. Ree1 f5
40. Bf3 g4 41. Bc6 Kf7 42. b4 Rd4 43. Bb5 Rf4 44. Bd7 Qf2+ 45. Kh2 Qh4+ 46. Kg1
g3 0-1

[Event "Ct. Catalunya Veterans"]
[Site "Barcelona"]
[Date "2014.05.24"]
[Round "8"]
[White "Tarrus Galter, N."]
[Black "Pera Lucas, E."]
[Result "1-0"]
[WhiteElo "2085"]
[BlackElo "2067"]
[PlyCount "98"]
[EventDate "2014.05.17"]
[EventType "swiss"]
[EventRounds "9"]
[EventCountry "ESP"]
[Source "Chessbase"]
[SourceDate "2014.06.06"]

1. Nf3 d5 2. d4 Nf6 3. c4 e6 4. g3 c6 5. Bg2 Nbd7 6. O-O Ne4 7. Nfd2 f5 8. f3
Ng5 9. e4 dxe4 10. fxe4 Nf6 11. Nf3 Nxf3+ 12. Bxf3 fxe4 13. Bg2 Be7 14. Nc3 O-O
15. Bf4 Qb6 16. Nxe4 Bd7 17. c5 Qd8 18. Qe2 Nd5 19. Be5 Bf6 20. Nxf6+ Nxf6 21.
Rae1 Qe8 22. Bd6 Qh5 23. Qxh5 Nxh5 24. Rxf8+ Rxf8 25. Bxf8 Kxf8 26. b4 g6 27.
b5 Ng7 28. g4 h5 29. h3 hxg4 30. hxg4 Ne8 31. bxc6 bxc6 32. g5 Nc7 33. Be4 Be8
34. Bd3 a6 35. a4 a5 36. Rb1 Nd5 37. Rb8 Ke7 38. Rb7+ Kd8 39. Ra7 Nf4 40. Bf1
e5 41. dxe5 Ne6 42. Rxa5 Nxg5 43. Ra8+ Ke7 44. Ra7+ Kd8 45. Bg2 Ne6 46. Ra8+
Ke7 47. a5 Nxc5 48. a6 Nxa6 49. Rxa6 Kf7 1-0

[Event "Ct. Catalunya Veterans"]
[Site "Barcelona"]
[Date "2014.05.24"]
[Round "8"]
[White "Tejero Royo, F."]
[Black "Fabre Massana, M."]
[Result "1/2-1/2"]
[WhiteElo "2200"]
[BlackElo "2227"]
[PlyCount "33"]
[EventDate "2014.05.17"]
[EventType "swiss"]
[EventRounds "9"]
[EventCountry "ESP"]
[Source "Chessbase"]
[SourceDate "2014.06.06"]

1. e4 e5 2. Nf3 d6 3. Bc4 Be7 4. h3 Nf6 5. d3 Nc6 6. O-O O-O 7. Re1 Na5 8. Nbd2
Nxc4 9. Nxc4 Be6 10. Ne3 h6 11. g4 Nh7 12. Nf5 Bxf5 13. gxf5 Ng5 14. Nxg5 Bxg5
15. Bxg5 Qxg5+ 16. Qg4 Qxg4+ 17. hxg4 1/2-1/2

[Event "Ct. Catalunya Veterans"]
[Site "Barcelona"]
[Date "2014.05.24"]
[Round "8"]
[White "Valarezzo Ricard, P."]
[Black "Clotet Torrelles, R."]
[Result "0-1"]
[WhiteElo "2004"]
[BlackElo "2105"]
[PlyCount "112"]
[EventDate "2014.05.17"]
[EventType "swiss"]
[EventRounds "9"]
[EventCountry "ESP"]
[Source "Chessbase"]
[SourceDate "2014.06.06"]

1. d4 d5 2. Nf3 Nf6 3. c3 c6 4. Bf4 Bf5 5. Nbd2 Nbd7 6. Nh4 Bg6 7. Nxg6 hxg6 8.
h3 e6 9. e3 Qb6 10. Qc2 Nh5 11. Bh2 f5 12. Be2 c5 13. Nf3 Be7 14. a4 a6 15. a5
Qc6 16. O-O c4 17. b3 cxb3 18. Qxb3 Bd6 19. Bxd6 Qxd6 20. Rfb1 Rb8 21. c4 Nhf6
22. cxd5 exd5 23. Qb4 Ne4 24. Qxd6 Nxd6 25. Rb4 Ke7 26. Ne5 Nxe5 27. dxe5 Ne4
28. Rb6 g5 29. Rab1 Nc5 30. Rg6 Kf7 31. Rd6 Rhd8 32. Rbb6 Nd7 33. Bh5+ Kf8 34.
Rb4 Nxe5 35. Rxd8+ Rxd8 36. Rxb7 Rd6 37. Be2 Nc4 38. Bxc4 dxc4 39. Rb6 Ke7 40.
Rb7+ Rd7 41. Rxd7+ Kxd7 42. Kf1 Kc6 43. Ke2 Kb5 44. Kd2 Kxa5 45. Kc3 Kb5 46. f3
a5 47. g4 fxg4 48. hxg4 a4 49. f4 gxf4 50. exf4 a3 51. f5 Kc5 52. g5 Kd6 53. f6
gxf6 54. gxf6 Ke6 55. Kc2 Kxf6 56. Kb1 c3 0-1

[Event "Ct. Catalunya Veterans"]
[Site "Barcelona"]
[Date "2014.05.24"]
[Round "8"]
[White "Vallbona Domingo, J."]
[Black "Duran Vallverdu, J."]
[Result "1-0"]
[WhiteElo "2122"]
[BlackElo "2117"]
[PlyCount "61"]
[EventDate "2014.05.17"]
[EventType "swiss"]
[EventRounds "9"]
[EventCountry "ESP"]
[Source "Chessbase"]
[SourceDate "2014.06.06"]

1. Nf3 d5 2. c4 e6 3. g3 g6 4. Bg2 Bg7 5. O-O Nf6 6. d4 O-O 7. Qc2 Nc6 8. Rd1
a5 9. Nc3 dxc4 10. a3 Nd5 11. Nb5 Nb6 12. Bf4 Nd5 13. Qxc4 Nxf4 14. gxf4 Bd7
15. Ne5 Na7 16. Nxa7 Rxa7 17. Rac1 c6 18. a4 Qe7 19. Qc3 Rc8 20. Qd2 Be8 21. b3
Rd8 22. Qe3 Raa8 23. Qc3 Qb4 24. Qxb4 axb4 25. e3 Bf8 26. Rf1 Ra6 27. Rfe1 f6
28. Nd3 b5 29. axb5 cxb5 30. Ra1 Rda8 31. Bxa8 1-0

[Event "Ct. Catalunya Veterans"]
[Site "Barcelona"]
[Date "2014.05.25"]
[Round "9"]
[White "Bautista Sanchez, J."]
[Black "Bonell Mitjans, A."]
[Result "1-0"]
[WhiteElo "2292"]
[BlackElo "2216"]
[PlyCount "47"]
[EventDate "2014.05.17"]
[EventType "swiss"]
[EventRounds "9"]
[EventCountry "ESP"]
[Source "Chessbase"]
[SourceDate "2014.06.06"]

1. c4 e6 2. Nc3 d5 3. d4 c6 4. e4 dxe4 5. Nxe4 Bb4+ 6. Nc3 Nf6 7. Nf3 b6 8. Be2
Bb7 9. O-O O-O 10. Bg5 Be7 11. Qc2 Nbd7 12. Rad1 Qc7 13. h3 a6 14. Rd2 Rfe8 15.
Rfd1 Rac8 16. a3 a5 17. Be3 Bd6 18. Qb3 Bf4 19. Na4 Bxe3 20. Qxe3 c5 21. Nc3
cxd4 22. Nxd4 Nc5 23. Ndb5 Qc6 24. Bf3 1-0

[Event "Ct. Catalunya Veterans"]
[Site "Barcelona"]
[Date "2014.05.25"]
[Round "9"]
[White "Buxade Roca, G."]
[Black "Bollero Romera, A."]
[Result "1/2-1/2"]
[WhiteElo "2231"]
[BlackElo "2127"]
[PlyCount "111"]
[EventDate "2014.05.17"]
[EventType "swiss"]
[EventRounds "9"]
[EventCountry "ESP"]
[Source "Chessbase"]
[SourceDate "2014.06.06"]

1. Nf3 Nf6 2. g3 d5 3. Bg2 e6 4. O-O c5 5. c4 Nc6 6. cxd5 exd5 7. d4 cxd4 8.
Nxd4 Bc5 9. Nb3 Be7 10. Nc3 Be6 11. Nb5 O-O 12. Bf4 Rc8 13. Rc1 a6 14. N5d4
Nxd4 15. Nxd4 Qd7 16. Qb3 b5 17. Rcd1 Rfd8 18. Rd2 Bh3 19. Rfd1 Bxg2 20. Kxg2
Ne4 21. Rc2 Bf6 22. Rxc8 Rxc8 23. Nf3 Rd8 24. Ne1 Qf5 25. f3 Nc5 26. Qa3 Ne6
27. Nd3 g5 28. Be3 h5 29. Qxa6 d4 30. Bf2 Kg7 31. Qc6 Rc8 32. Qxc8 Nf4+ 33.
Nxf4 Qxc8 34. Nxh5+ Kg6 35. Nxf6 Qc2 36. Rxd4 Kxf6 37. Re4 Kg6 38. Bd4 Qc4 39.
Bc3 Qxa2 40. h4 f5 41. Rb4 Qd5 42. hxg5 Kxg5 43. Rd4 Qc5 44. g4 fxg4 45. Rxg4+
Kf5 46. e4+ Ke6 47. e5 Qe3 48. Rg6+ Kf5 49. Rg4 Ke6 50. Re4 Qc1 51. Kf2 Qh1 52.
Ke3 Qg1+ 53. Kd3 Qf1+ 54. Ke3 Qg1+ 55. Kd3 Qf1+ 56. Ke3 1/2-1/2

[Event "Ct. Catalunya Veterans"]
[Site "Barcelona"]
[Date "2014.05.25"]
[Round "9"]
[White "Clotet Torrelles, R."]
[Black "Coll Sola, J."]
[Result "1/2-1/2"]
[WhiteElo "2105"]
[BlackElo "2191"]
[PlyCount "95"]
[EventDate "2014.05.17"]
[EventType "swiss"]
[EventRounds "9"]
[EventCountry "ESP"]
[Source "Chessbase"]
[SourceDate "2014.06.06"]

1. d4 Nf6 2. Nf3 g6 3. Bf4 Bg7 4. c3 d6 5. Nbd2 Nh5 6. Bg3 Nxg3 7. hxg3 c5 8.
e3 Nc6 9. d5 Nb8 10. Be2 Qa5 11. Qb3 Nd7 12. e4 Rb8 13. a4 Qc7 14. Nc4 a6 15.
a5 b5 16. axb6 Nxb6 17. Ne3 O-O 18. O-O e6 19. Bxa6 Nxd5 20. Nxd5 exd5 21. Qxd5
Rxb2 22. Bxc8 Rxc8 23. Ra6 Rb6 24. Rxb6 Qxb6 25. c4 Qc6 26. Rb1 Qxd5 27. exd5
Ra8 28. Rb6 Bf8 29. Kf1 Ra4 30. Nd2 f5 31. Ke2 Kf7 32. Rb7+ Kg8 33. Rd7 Ra2 34.
f4 h6 35. Rb7 Bg7 36. Kd3 Ra3+ 37. Rb3 Rxb3+ 38. Nxb3 Kf7 39. Ke3 Bc3 40. Kf3
h5 41. Nc1 Ke7 42. Ne2 Be1 43. Ng1 Bc3 44. Ke2 Kd7 45. Nf3 Bf6 46. Kd3 Kc7 47.
Kc2 Kb6 48. Nh4 1/2-1/2

[Event "Ct. Catalunya Veterans"]
[Site "Barcelona"]
[Date "2014.05.25"]
[Round "9"]
[White "Duran Vallverdu, J."]
[Black "Nicolau Serrato, M."]
[Result "1-0"]
[WhiteElo "2117"]
[BlackElo "2064"]
[PlyCount "53"]
[EventDate "2014.05.17"]
[EventType "swiss"]
[EventRounds "9"]
[EventCountry "ESP"]
[Source "Chessbase"]
[SourceDate "2014.06.06"]

1. e4 e5 2. Nf3 Nc6 3. Bb5 a6 4. Ba4 d6 5. O-O Nf6 6. Re1 Be7 7. h3 O-O 8. c3
b5 9. Bc2 h6 10. d4 exd4 11. cxd4 Na5 12. Nc3 Nc4 13. b3 Nb6 14. e5 dxe5 15.
Nxe5 Bb4 16. Nc6 Qd6 17. Nxb4 Qxb4 18. Qd3 Bb7 19. Bf4 Rfe8 20. a3 Qf8 21. Bxc7
Nbd5 22. Nxd5 Bxd5 23. Be5 Be4 24. Rxe4 Rxe5 25. Rxe5 g6 26. Rae1 Qxa3 27. Qf3
1-0

[Event "Ct. Catalunya Veterans"]
[Site "Barcelona"]
[Date "2014.05.25"]
[Round "9"]
[White "Fabre Massana, M."]
[Black "Coll Enriquez, L."]
[Result "1-0"]
[WhiteElo "2227"]
[BlackElo "2288"]
[PlyCount "69"]
[EventDate "2014.05.17"]
[EventType "swiss"]
[EventRounds "9"]
[EventCountry "ESP"]
[Source "Chessbase"]
[SourceDate "2014.06.06"]

1. e4 e5 2. Nf3 d6 3. d4 Nd7 4. Bc4 c6 5. dxe5 dxe5 6. Ng5 Nh6 7. O-O Qe7 8. a4
Nb6 9. Bb3 f6 10. a5 fxg5 11. axb6 a6 12. Qh5+ g6 13. Qxg5 Nf7 14. Qxe7+ Bxe7
15. Be3 Ng5 16. Nd2 Be6 17. Bxe6 Nxe6 18. Ra5 c5 19. Nc4 Nd4 20. Nxe5 Nxc2 21.
Bxc5 Rc8 22. Nd3 Rc6 23. Rc1 Bxc5 24. Rxc2 Bxb6 25. Rxc6 Bxa5 26. Rc8+ Bd8 27.
Nc5 b5 28. Ne6 Kd7 29. Rxd8+ Rxd8 30. Nxd8 Kxd8 31. Kf1 Ke7 32. Ke2 Kd6 33. b4
Ke5 34. Ke3 g5 35. f3 1-0

[Event "Ct. Catalunya Veterans"]
[Site "Barcelona"]
[Date "2014.05.25"]
[Round "9"]
[White "Franquet Escriva, J."]
[Black "Vallbona Domingo, J."]
[Result "1/2-1/2"]
[WhiteElo "2193"]
[BlackElo "2122"]
[PlyCount "30"]
[EventDate "2014.05.17"]
[EventType "swiss"]
[EventRounds "9"]
[EventCountry "ESP"]
[Source "Chessbase"]
[SourceDate "2014.06.06"]

1. e4 c5 2. Nf3 e6 3. d4 cxd4 4. Nxd4 a6 5. Bd3 Bc5 6. Nb3 Ba7 7. Nc3 Nc6 8.
Qe2 d6 9. Be3 b5 10. Bxa7 Rxa7 11. Qe3 Nf6 12. Rd1 Rd7 13. O-O O-O 14. a3 Bb7
15. Kh1 Ne5 1/2-1/2

[Event "Ct. Catalunya Veterans"]
[Site "Barcelona"]
[Date "2014.05.25"]
[Round "9"]
[White "Lazaro Porta, A."]
[Black "Anguera Maestro, J."]
[Result "1/2-1/2"]
[WhiteElo "2044"]
[BlackElo "2263"]
[PlyCount "20"]
[EventDate "2014.05.17"]
[EventType "swiss"]
[EventRounds "9"]
[EventCountry "ESP"]
[Source "Chessbase"]
[SourceDate "2014.06.06"]

1. Nf3 Nf6 2. c4 c5 3. g3 g6 4. Bg2 Bg7 5. d4 cxd4 6. Nxd4 O-O 7. O-O Nc6 8.
Nc2 d6 9. Nc3 Be6 10. b3 Qd7 1/2-1/2

[Event "Ct. Catalunya Veterans"]
[Site "Barcelona"]
[Date "2014.05.25"]
[Round "9"]
[White "Miquel Rodriguez, F."]
[Black "Sanz Bastos, F."]
[Result "1/2-1/2"]
[WhiteElo "1985"]
[BlackElo "2152"]
[PlyCount "83"]
[EventDate "2014.05.17"]
[EventType "swiss"]
[EventRounds "9"]
[EventCountry "ESP"]
[Source "Chessbase"]
[SourceDate "2014.06.06"]

1. e4 e5 2. Nf3 Nc6 3. Bb5 Bc5 4. Nc3 Nf6 5. h3 O-O 6. O-O d6 7. d3 a6 8. Ba4
h6 9. Be3 Nd4 10. Bxd4 Bxd4 11. Nxd4 exd4 12. Ne2 b5 13. Bb3 c5 14. c3 dxc3 15.
Nxc3 Bb7 16. f3 Rc8 17. Rc1 c4 18. dxc4 bxc4 19. Ba4 Qb6+ 20. Rf2 Rfd8 21. Nd5
Nxd5 22. exd5 Qc5 23. b3 c3 24. Kf1 Bxd5 25. Rfc2 Qa5 26. Qd4 Bc4+ 27. Kg1 Bb5
28. Rxc3 Rxc3 29. Qxc3 Qb6+ 30. Kh1 Bxa4 31. bxa4 Rb8 32. Qc6 Qe3 33. Rd1 Rb6
34. Qc8+ Kh7 35. Qc7 Qe2 36. Rc1 Rb2 37. Rg1 Qe6 38. Ra1 Rxa2 39. Rxa2 Qxa2 40.
a5 Qa1+ 41. Kh2 Qe5+ 42. Kh1 1/2-1/2

[Event "Ct. Catalunya Veterans"]
[Site "Barcelona"]
[Date "2014.05.25"]
[Round "9"]
[White "Simon Padros, E."]
[Black "Tejero Royo, F."]
[Result "1/2-1/2"]
[WhiteElo "2307"]
[BlackElo "2200"]
[PlyCount "47"]
[EventDate "2014.05.17"]
[EventType "swiss"]
[EventRounds "9"]
[EventCountry "ESP"]
[Source "Chessbase"]
[SourceDate "2014.06.06"]

1. e4 d6 2. d4 Nf6 3. Nc3 g6 4. f4 c6 5. Nf3 Bg7 6. Bd3 Qc7 7. O-O O-O 8. h3 b5
9. e5 Ne8 10. Qe1 f5 11. Qg3 e6 12. exd6 Nxd6 13. Ne2 c5 14. c3 c4 15. Bc2 Bb7
16. Ng5 Re8 17. Qe3 Nd7 18. Ng3 Bd5 19. Qe1 Nf6 20. Be3 Qb7 21. Nf3 Nfe4 22.
Ne5 a5 23. Nxe4 Nxe4 24. Kh2 1/2-1/2

[Event "Ct. Catalunya Veterans"]
[Site "Barcelona"]
[Date "2014.05.25"]
[Round "9"]
[White "Tarrus Galter, N."]
[Black "Fernandez Perez, J."]
[Result "1/2-1/2"]
[WhiteElo "2085"]
[BlackElo "2155"]
[PlyCount "27"]
[EventDate "2014.05.17"]
[EventType "swiss"]
[EventRounds "9"]
[EventCountry "ESP"]
[Source "Chessbase"]
[SourceDate "2014.06.06"]

1. Nf3 e6 2. c4 d5 3. cxd5 exd5 4. d4 Nf6 5. Nc3 c6 6. g3 Bd6 7. Bg2 O-O 8. O-O
Re8 9. Bg5 Nbd7 10. Rc1 h6 11. Bd2 Nb6 12. b3 Bf5 13. Nh4 Bh7 14. Nb1 1/2-1/2

[Event "Montcada op"]
[Site "Montcada i Reixac"]
[Date "2014.06.25"]
[Round "1"]
[White "Arun Prasad, S."]
[Black "Sardana, R."]
[Result "0-1"]
[WhiteElo "2472"]
[BlackElo "2316"]
[PlyCount "82"]
[EventDate "2014.06.25"]
[EventType "swiss"]
[EventRounds "9"]
[EventCountry "ESP"]
[Source "Chessbase"]
[SourceDate "2014.07.11"]

1. d4 d5 2. c4 c6 3. e3 Nf6 4. Nc3 a6 5. Nf3 Bf5 6. Ne5 Nbd7 7. Qb3 Ra7 8. Nxd7
Qxd7 9. cxd5 cxd5 10. Na4 e6 11. Bd2 b5 12. Ba5 Bd6 13. Nc5 Qe7 14. Rc1 O-O 15.
Be2 e5 16. dxe5 Qxe5 17. Bc3 Qe7 18. Nd3 Bxd3 19. Bxd3 Be5 20. Bb4 Bd6 21. Bc3
Be5 22. Bb4 Bd6 23. Bxd6 Qxd6 24. Rd1 Rc7 25. O-O g6 26. a3 Rfc8 27. h3 Kg7 28.
Rfe1 Qe5 29. Qa2 Rc5 30. Qb1 h5 31. Re2 Qc7 32. Qa2 Qe5 33. Qb3 Qc7 34. Qb4 Qe5
35. Qe1 Qg5 36. Bb1 Qe5 37. Red2 Rc4 38. Qe2 R8c7 39. Ba2 R4c5 40. Bb3 a5 41.
Rd4 a4 0-1